|
|
|
|
| LEADER |
00000nab a2200000 a 4500 |
| 001 |
vtls000808865 |
| 003 |
SK-MaSNL |
| 005 |
20260304114448.0 |
| 008 |
250429c2001 xo 0 slo |
| 015 |
|
|
|a SNBRB2002/10-31056
|
| 035 |
|
|
|a CLN000160520
|
| 035 |
|
|
|a urn:nbn:sk:snk-ab9skz
|
| 035 |
|
|
|a (urnnbn)urn:nbn:sk:snk:ar-a08raq
|
| 035 |
|
|
|a (uuid)20f3f195-37d7-4871-8ab5-6f2d352f2d07
|
| 040 |
|
|
|a SNKBUCL
|b slo
|c SNKBUCL
|e AACR2
|
| 041 |
0 |
|
|a slo
|
| 044 |
|
|
|a xo
|c SK
|
| 080 |
|
|
|a 372.85
|2 1997
|
| 100 |
1 |
|
|a Turčáni, Milan
|4 aut
|9 431767
|
| 245 |
1 |
0 |
|a Výučba prírodovedných predmetov s multimediálnou PC podporou
|c Milan Turčáni, Mária Bauerová
|
| 504 |
|
|
|a Bibliogr. odkazy
|
| 504 |
|
|
|a Res. angl.
|
| 650 |
0 |
7 |
|a prírodoveda
|x vyučovanie
|2 snkbucl
|9 1419367
|
| 650 |
0 |
7 |
|a predmety prírodovedné
|x vyučovanie
|2 snkbucl
|9 1419368
|
| 655 |
|
7 |
|a články z novín a časopisov
|2 snkbucl
|9 267496
|
| 700 |
1 |
|
|a Bauerová, Mária,
|d 1961-
|4 aut
|9 11091
|
| 773 |
0 |
|
|t Technológia vzdelávania
|g Roč. 9, č. 7 (2001), s. 14-16
|x 1335-003X
|
| 850 |
|
|
|a Slovenská národná knižnica
|
| 852 |
|
|
|a Slovenská národná knižnica
|
| 954 |
|
|
|a odborná, vedecká literatúra pôvodná (slovenská)
|2 lita
|
| 958 |
|
|
|a article13
|
| 958 |
|
|
|a SK
|
| 958 |
|
|
|a NB
|
| 958 |
|
|
|a OND
|
| 958 |
|
|
|a EUIPO
|
| 992 |
|
|
|a RBX
|
| 999 |
|
|
|c 2872913
|d 2874843
|